[Event "AUTO-ADV-546"]
[Site "http://www.queenalice.com/game.php?id=233385"]
[Date "2007.7.1"]
[Round "1"]
[White "RAHOOD"]
[Black "kako"]
[Result "1-0"]
[WhiteElo "2006"]
[BlackElo "1762"]

1. Nf3 d5 2. g3 Nf6 3. Bg2 Bf5 4. b3 Nc6 5. O-O Nb4 6. d3 g6 7. Bb2 Bg7 8. c4
dxc4 9. bxc4 O-O 10. Nc3 Ng4 11. Qb3 c5 12. Rfb1 Rb8 13. Nd5 Bxb2 14. Qxb2 Nxd5
15. cxd5 Qxd5 16. e4 Bxe4 17. dxe4 Qd7 18. Rd1 Qe6 19. h3 Nf6 20. Ng5 Qc8 21. e5
Nh5 22. e6 fxe6 23. Nxe6 Rf6 24. Rd8+ Qxd8 25. Nxd8 Rxd8 26. Qxb7 Kf8 27. Re1
Rf7 28. Qxa7 c4 29. Bd5 Rg7 30. Bxc4 Rc8 31. Qd7 Rxc4 32. Qd8+ 1-0

[Event "AUTO-ADV-546"]
[Site "http://www.queenalice.com/game.php?id=233386"]
[Date "2007.7.1"]
[Round "1"]
[White "kako"]
[Black "RAHOOD"]
[Result "0-1"]
[WhiteElo "1834"]
[BlackElo "2013"]

1. d4 Nf6 2. Nc3 d5 3. Bf4 Bf5 4. Nb5 Na6 5. a3 c6 6. Nc3 e6 7. Nf3 Bd6 8. Bxd6
Qxd6 9. g3 O-O 10. Bg2 c5 11. dxc5 Qxc5 12. O-O Rfd8 13. Nd4 Bg6 14. e3 Qc7 15.
Qe2 Nc5 16. Ncb5 Qd7 17. Rac1 e5 18. Nf3 Bh5 19. b3 Ne6 20. a4 e4 21. Nbd4 Nxd4
22. exd4 Re8 23. Qd1 Rac8 24. c4 b6 25. Rc3 exf3 26. Bxf3 Ne4 27. Rc2 Bxf3 28.
Qxf3 dxc4 29. Rd1 Ng5 30. Qg2 Qg4 31. Qf1 Nh3+ 32. Kg2 Qe4+ 33. Kxh3 Rc6 34. f3
Rh6+ 35. Kg2 Qxc2+ 0-1

[Event "AUTO-ADV-546"]
[Site "http://www.queenalice.com/game.php?id=233387"]
[Date "2007.7.1"]
[Round "1"]
[White "RAHOOD"]
[Black "carlos31"]
[Result "1-0"]
[WhiteElo "1787"]
[BlackElo "1820"]

1. c4 c5 2. Nf3 Nf6 3. g3 e6 4. Nc3 d5 5. cxd5 Nxd5 6. Bg2 Nxc3 7. bxc3 Bd6 8.
O-O Nc6 9. d4 O-O 10. Qd3 h6 11. Rd1 b6 12. Ne5 Bxe5 13. Bxc6 Rb8 14. dxe5 Qxd3
15. exd3 f6 16. exf6 Rxf6 17. Bf4 Rxf4 18. gxf4 Ba6 19. a4 Rf8 20. a5 b5 21. d4
Rxf4 22. dxc5 Rc4 23. Rd8+ Kh7 24. Re1 Rg4+ 25. Kh1 b4 26. Re4 Rg6 27. Rxb4 Rf6
28. Be4+ g6 29. Bd3 h5 30. Bxa6 Rxf2 31. Rb7+ Kh6 32. h4 g5 33. Bd3 gxh4 34. Rg8
Rf5 35. Rg1 Rf3 36. Rg6# 1-0

[Event "AUTO-ADV-546"]
[Site "http://www.queenalice.com/game.php?id=233388"]
[Date "2007.7.1"]
[Round "1"]
[White "carlos31"]
[Black "RAHOOD"]
[Result "0-1"]
[WhiteElo "1791"]
[BlackElo "1747"]

1. e4 c5 2. Nf3 d6 3. Bc4 e6 4. O-O Nf6 5. d3 Be7 6. c3 O-O 7. Re1 d5 8. exd5
exd5 9. Bb3 Nc6 10. Bg5 Qb6 11. Nbd2 Be6 12. Qb1 Rfe8 13. Bc2 h6 14. Bxf6 Bxf6
15. Nb3 Bg4 16. Rxe8+ Rxe8 17. Bd1 d4 18. h3 dxc3 19. d4 cxb2 20. Qxb2 Bxf3 21.
Bxf3 Nxd4 22. Rb1 Nxf3+ 23. gxf3 Bxb2 24. Rxb2 Re1+ 25. Kh2 Qg6 26. h4 Rg1 27.
Kh3 Rh1# 0-1

[Event "Challenge"]
[Site "http://www.queenalice.com/game.php?id=234209"]
[Date "2007.7.3"]
[Round "-"]
[White "sunking"]
[Black "RAHOOD"]
[Result "0-1"]
[WhiteElo "1765"]
[BlackElo "1673"]

1. e4 e6 2. d4 d5 3. Bb5+ c6 4. Ba4 dxe4 5. Nc3 Nf6 6. f3 Bb4 7. Bg5 Qa5 8. a3
Bxc3+ 9. bxc3 Qxg5 10. Qd2 e3 11. Qe2 Qa5 12. Bb3 Qxc3+ 13. Kd1 Qxa1# 0-1

[Event "Challenge"]
[Site "http://www.queenalice.com/game.php?id=241466"]
[Date "2007.7.17"]
[Round "-"]
[White "Zoraida"]
[Black "RAHOOD"]
[Result "0-1"]
[WhiteElo "1816"]
[BlackElo "1868"]

1. e4 c5 2. Nf3 d6 3. Bb5+ Nd7 4. Nc3 a6 5. Bxd7+ Bxd7 6. d3 e6 7. O-O Ne7 8.
Bg5 Qc7 9. a3 h6 10. Bh4 g5 11. Bg3 f5 12. exf5 exf5 13. h3 f4 14. Bh2 O-O-O 15.
Ne4 Bg7 16. Rb1 d5 17. Ned2 Kb8 18. b4 c4 19. dxc4 dxc4 20. Qe2 Bb5 21. a4 Bxa4
22. Nxc4 Bb5 23. Nfd2 Bc3 24. Rfd1 Bxd2 25. Rxd2 Bxc4 26. Rxd8+ Rxd8 27. Qe1 Nc6
28. Qe7 Qxe7 0-1

[Event "QA-ANNIV-03"]
[Site "http://www.queenalice.com/game.php?id=246882"]
[Date "2007.7.27"]
[Round "2"]
[White "Edgar"]
[Black "RAHOOD"]
[Result "0-1"]
[WhiteElo "2212"]
[BlackElo "2023"]

1. e4 c5 2. Bc4 Nc6 3. Nf3 d6 4. c3 Nf6 5. d3 g6 6. O-O Bg7 7. Bb3 O-O 8. Be3
Na5 9. Ba4 Rb8 10. c4 Ng4 11. Bc1 Nc6 12. Nc3 f5 13. Nd5 h6 14. Nf4 Kh7 15. exf5
Bxf5 16. Nh4 Qc8 17. Nd5 Nge5 18. Nxf5 Qxf5 19. f4 Ng4 20. Kh1 a6 21. h3 Nf6 22.
Nc3 Qc8 23. Re1 Rf7 24. Be3 Nh5 25. Qd2 Qf8 26. Ne2 Nd4 27. Kh2 e5 28. f5 Nxf5
29. Nc3 Bf6 30. Ne4 Bh4 31. Red1 Nfg3 32. Qa5 Nxe4 33. dxe4 Bg3+ 34. Kg1 Qe7 35.
Qd2 Rbf8 36. Bxh6 Qh4 37. Bc2 Rf2 38. Qxd6 Rxg2+ 39. Kxg2 Rf2+ 40. Kg1 Bh2+ 41.
Kh1 Ng3# 0-1

[Event "Challenge"]
[Site "http://www.queenalice.com/game.php?id=246962"]
[Date "2007.7.27"]
[Round "-"]
[White "pseudocompact"]
[Black "RAHOOD"]
[Result "0-1"]
[WhiteElo "1983"]
[BlackElo "1931"]

1. e4 e6 2. d4 d5 3. exd5 exd5 4. Nf3 Nf6 5. Nc3 Bd6 6. Bd3 O-O 7. O-O c6 8. h3
Re8 9. Bg5 h6 10. Bd2 Na6 11. a3 Ne4 12. Re1 Bf5 13. Nh2 Bxh2+ 14. Kxh2 Nxf2 15.
Qf3 Nxd3 16. cxd3 Qd6+ 17. Bf4 Qg6 18. Rxe8+ Rxe8 19. Rd1 Nb8 20. g4 Be6 21. b4
Nd7 22. b5 Qf6 23. Qe3 Nf8 24. g5 hxg5 25. Bxg5 Bd7 26. Qxe8 Qf2+ 27. Kh1 Bxe8
28. h4 f6 29. bxc6 Bh5 30. cxb7 Bf3# 0-1

[Event "Challenge"]
[Site "http://www.queenalice.com/game.php?id=248074"]
[Date "2007.7.30"]
[Round "-"]
[White "GcB"]
[Black "RAHOOD"]
[Result "0-1"]
[WhiteElo "1722"]
[BlackElo "1959"]

1. e4 e6 2. d4 d5 3. e5 c5 4. Nf3 Nc6 5. Bg5 Qb6 6. Nc3 cxd4 7. Nb5 f6 8. exf6
Nxf6 9. Nfxd4 Bc5 10. c3 O-O 11. b4 Nxb4 12. cxb4 Bxb4+ 13. Bd2 Bxd2+ 14. Qxd2
Ne4 15. Qe3 Qa5+ 16. Ke2 Rxf2+ 17. Kd1 Rd2+ 18. Kc1 Bd7 19. Nb3 Rc8+ 20. Kb1 Qb4
21. a3 Nc3+ 22. Qxc3 Qe4+ 23. Bd3 Rxd3 24. Nc5 Rxc5 25. Re1 Rxb5+ 26. Kc2 Rxc3+
27. Kxc3 Rc5+ 28. Kd2 Rc2+ 29. Kd1 Qd3# 0-1

[Event "Challenge"]
[Site "http://www.queenalice.com/game.php?id=269366"]
[Date "2007.9.10"]
[Round "-"]
[White "cardi"]
[Black "RAHOOD"]
[Result "0-1"]
[WhiteElo "2013"]
[BlackElo "2047"]

1. e4 c5 2. b3 Nc6 3. Nf3 f5 4. exf5 d6 5. Bb2 Bxf5 6. Bb5 e5 7. Nc3 a6 8. Bxc6+
bxc6 9. O-O Be7 10. d3 Nh6 11. Re1 O-O 12. Ne2 Qe8 13. Ng3 Bg4 14. Re3 Bg5 15.
Re4 Bxf3 16. gxf3 Nf5 17. d4 cxd4 18. Nxf5 Rxf5 19. Kh1 Qh5 20. Rg4 Raf8 21. Qg1
g6 22. Qg2 Bh6 23. f4 Bxf4 24. Rg1 Bd2 25. Qxc6 Rxf2 26. R4g2 Be3 27. Qxa6 Rxg2
28. Rf1 Rxh2# 0-1

[Event "QA-ANNIV-03"]
[Site "http://www.queenalice.com/game.php?id=270106"]
[Date "2007.9.11"]
[Round "3"]
[White "RAHOOD"]
[Black "Deton"]
[Result "1-0"]
[WhiteElo "1990"]
[BlackElo "1918"]

1. d4 d5 2. Nf3 Bf5 3. c4 dxc4 4. Nc3 c6 5. e4 Be6 6. Ng5 Qd7 7. d5 cxd5 8. exd5
Bf5 9. Bxc4 a6 10. O-O h6 11. Nge4 Qc7 12. Re1 Nd7 13. d6 Qc6 14. dxe7 Bxe4 15.
exf8=B Kxf8 16. Nxe4 Qxc4 17. b3 Qb4 18. a4 Qa5 19. Ba3+ Ne7 20. Bxe7+ Kxe7 21.
Qd6+ Kd8 22. Rac1 Rc8 23. Nf6 Rc7 24. Qe7+ Kc8 25. Qe8+ 1-0

[Event "Challenge"]
[Site "http://www.queenalice.com/game.php?id=270944"]
[Date "2007.9.13"]
[Round "-"]
[White "RAHOOD"]
[Black "chessprm"]
[Result "1-0"]
[WhiteElo "1969"]
[BlackElo "1974"]

1. e4 e5 2. Nf3 Nf6 3. Nxe5 d6 4. Nf3 Nxe4 5. d4 d5 6. Bd3 Be7 7. O-O Nc6 8. Re1
Bg4 9. c3 f5 10. Nbd2 O-O 11. Qb3 Kh8 12. Qxb7 Rf6 13. Qb3 Rg6 14. Bb5 Bh4 15.
Nxe4 Bxf3 16. Ng3 Bxg3 17. hxg3 Bg4 18. Bf4 1-0

[Event "Challenge"]
[Site "http://www.queenalice.com/game.php?id=277775"]
[Date "2007.9.27"]
[Round "-"]
[White "orinto"]
[Black "RAHOOD"]
[Result "0-1"]
[WhiteElo "1929"]
[BlackElo "2074"]

1. d4 Nf6 2. c4 g6 3. Nc3 d5 4. Nf3 Bg7 5. e3 c6 6. Bd2 O-O 7. Qb3 e6 8. Bd3
Nbd7 9. O-O Re8 10. cxd5 exd5 11. Rfe1 Ne4 12. Rad1 Ndf6 13. Ne5 Ng4 14. Bxe4
Bxe5 15. dxe5 Qh4 16. h3 Nxf2 17. Bf3 Rxe5 18. Re2 Nxd1 19. Qxd1 Bf5 20. Qe1
Qxe1+ 21. Rxe1 Rae8 22. Kf2 Bd3 23. Na4 b6 24. b4 f5 25. g3 Kf7 26. h4 Ke7 27.
Nc3 Kd6 28. a4 Bc4 29. Ne2 a6 30. Nd4 R5e7 31. Be2 Bxe2 32. Rxe2 c5 33. bxc5+
bxc5 34. Nb3 Re4 35. a5 Ra4 36. Kf3 Ra3 37. Nc1 d4 38. Kf4 Re4+ 39. Kf3 d3 40.
Rh2 Rc4 41. h5 Kd5 42. hxg6 hxg6 43. Rh6 Rc2 44. Rh2 c4 0-1

[Event "AUTO-ADV-546"]
[Site "http://www.queenalice.com/game.php?id=308558"]
[Date "2007.11.22"]
[Round "2"]
[White "andrevillares"]
[Black "RAHOOD"]
[Result "0-1"]
[WhiteElo "1947"]
[BlackElo "2084"]

1. d4 Nf6 2. c4 g6 3. Nc3 Bg7 4. e4 d6 5. Nf3 O-O 6. Be2 e5 7. d5 a5 8. O-O Na6
9. Bg5 h6 10. Be3 Ng4 11. Bd2 f5 12. h3 Nf6 13. exf5 gxf5 14. Qc1 f4 15. Bd3 Nc5
16. Bb1 c6 17. Rd1 cxd5 18. Nxd5 Nxd5 19. cxd5 e4 20. Ne1 Qg5 21. Kh1 Bxh3 22.
gxh3 Qh4 23. Kg1 Bd4 0-1

[Event "AUTO-ADV-546"]
[Site "http://www.queenalice.com/game.php?id=308559"]
[Date "2007.11.22"]
[Round "2"]
[White "RAHOOD"]
[Black "andrevillares"]
[Result "1-0"]
[WhiteElo "2095"]
[BlackElo "1921"]

1. d4 Nf6 2. Nf3 c5 3. d5 g6 4. c4 Bg7 5. Nc3 O-O 6. e4 d6 7. Be2 a6 8. O-O Bd7
9. Re1 b5 10. cxb5 axb5 11. Bxb5 Na6 12. Bc4 Nb4 13. a3 Bg4 14. Bg5 Bxf3 15.
gxf3 Na6 16. f4 Qd7 17. Bb5 Qh3 18. Re3 Qc8 19. e5 dxe5 20. fxe5 Ng4 21. Rg3 f6
22. Qxg4 Qxg4 23. Rxg4 fxe5 24. Bxe7 Rf7 25. d6 Ra7 26. Ra4 e4 27. Nd5 Bxb2 28.
Rxa6 Rxa6 29. Bxa6 Bxa1 30. d7 Rxe7 31. d8=Q+ 1-0

[Event "AUTO-ADV-546"]
[Site "http://www.queenalice.com/game.php?id=308560"]
[Date "2007.11.22"]
[Round "2"]
[White "alfredo"]
[Black "RAHOOD"]
[Result "0-1"]
[WhiteElo "2078"]
[BlackElo "2121"]

1. d4 d5 2. c4 e6 3. Nc3 Nf6 4. Nf3 c6 5. Bg5 h6 6. Bxf6 Qxf6 7. Qb3 a5 8. e4
dxe4 9. Nxe4 Bb4+ 10. Qxb4 axb4 11. Nxf6+ gxf6 12. Bd3 Nd7 13. O-O b6 14. Be4
Bb7 15. Rfe1 Ke7 16. d5 cxd5 17. Bxd5 Rhb8 18. Kf1 Kf8 19. Bxb7 Rxb7 20. Re2 Nc5
21. Re3 Rd7 22. Ke2 b3 23. a3 Rad8 24. Re1 f5 25. Kf1 Rd6 26. h3 f6 27. g3 Kf7
28. R1e2 Rd1+ 29. Re1 e5 0-1

[Event "AUTO-ADV-546"]
[Site "http://www.queenalice.com/game.php?id=308561"]
[Date "2007.11.22"]
[Round "2"]
[White "RAHOOD"]
[Black "alfredo"]
[Result "1-0"]
[WhiteElo "2109"]
[BlackElo "2093"]

1. e4 c5 2. Nf3 Nc6 3. d4 cxd4 4. Nxd4 g6 5. g3 Bg7 6. Ne2 Nf6 7. Bg2 d6 8. O-O
h5 9. h4 O-O 10. Nbc3 Ne5 11. a4 Bg4 12. a5 Rb8 13. f3 Bd7 14. Be3 Ra8 15. Qd4
Qc7 16. Qb4 Qc4 17. Qa3 Qa6 18. Bd4 Rfc8 19. Rfe1 Nc6 20. Bf2 Qc4 21. Red1 Kh7
22. Nf4 Ne5 23. Nd3 Ng8 24. Rd2 Qe6 25. Nxe5 Bxe5 26. Nd5 Bc6 27. Rc1 Nh6 28. c4
Bxd5 29. exd5 1-0

[Event "QA-ANNIV-03"]
[Site "http://www.queenalice.com/game.php?id=316120"]
[Date "2007.12.6"]
[Round "4"]
[White "mister"]
[Black "RAHOOD"]
[Result "1/2-1/2"]
[WhiteElo "2352"]
[BlackElo "2062"]

1. d4 Nf6 2. c4 e6 3. g3 d5 4. Bg2 Be7 5. Nf3 O-O 6. O-O dxc4 7. Qc2 a6 8. Qxc4
b5 9. Qc2 Bb7 10. Bf4 Nc6 11. Nc3 Nb4 12. Qc1 Rc8 13. a3 Nbd5 14. b4 a5 15. Nxd5
Nxd5 16. Bd2 axb4 17. axb4 Nxb4 18. Qb2 Nc6 19. e3 Rb8 20. Rfc1 Qc8 21. Ne1 Nd8
22. e4 Nc6 23. d5 Bf6 24. Bc3 Bxc3 25. Rxc3 Ne7 26. Rac1 exd5 27. Rxc7 Qd8 28.
e5 Bc8 29. Nd3 d4 30. Be4 Be6 31. Nb4 Bc4 32. Ra7 f6 33. exf6 Rxf6 34. Rd1 Rd6
35. Nc2 Nc8 36. Ra3 d3 37. Nb4 Qf8 38. Nc6 Qe8 39. Ne5 Nb6 40. Ra7 Qf8 41. Bxd3
Bxd3 42. Rxd3 Nc4 43. Qb3 Rxd3 44. Nxd3 Qf6 45. Qa2 Rd8 46. Qe2 h6 47. h4 Qd6
48. Qf3 Qd5 49. Qg4 Qd4 50. Qe6+ Kh7 51. Qf5+ Kh8 52. Re7 Nd6 53. Qg6 Qf6 54.
Qxf6 gxf6 55. Nb4 Kg8 56. Nd5 f5 57. Rc7 Kf8 58. f3 Rc8 59. Rd7 Nf7 60. Kf2 Rd8
61. Rxd8+ Nxd8 62. Ke3 Nc6 63. Kf4 Nd4 64. Ke5 Nxf3+ 65. Kxf5 Kf7 66. Kf4 Nd4
67. Ke4 Nc6 68. Ne3 Kf6 69. Ng4+ Kg6 70. Kd5 Ne7+ 71. Ke6 Nc8 72. Nf2 1/2-1/2

[Event "QA-ANNIV-03"]
[Site "http://www.queenalice.com/game.php?id=360830"]
[Date "2008.2.25"]
[Round "5"]
[White "RAHOOD"]
[Black "egis"]
[Result "1-0"]
[WhiteElo "2132"]
[BlackElo "2105"]

1. Nf3 Nf6 2. d4 d5 3. c4 c6 4. cxd5 cxd5 5. Nc3 Nc6 6. Bf4 e6 7. e3 Be7 8. Bd3
O-O 9. O-O Nb4 10. Bb1 b6 11. a3 Nc6 12. Ne5 Nxe5 13. dxe5 Nd7 14. Qf3 Ba6 15.
Rd1 Nc5 16. Qh3 g6 17. Bc2 Qc7 18. Rac1 Bb7 19. b4 Na6 20. Bb3 Qb8 21. e4 Nc7
22. exd5 Bxd5 23. Nxd5 Nxd5 24. Rxd5 exd5 25. Bxd5 Qd8 26. Bxa8 Qxa8 27. Qd7 Qd8
28. e6 g5 29. Be5 Qxd7 30. exd7 f6 31. Bc7 Kf7 32. b5 Bd8 33. Bb8 Ke6 34. Rd1 f5
35. Rd6+ Ke7 36. f4 g4 37. Kf2 Rf6 38. Rd3 Rh6 39. Kg1 Re6 40. Be5 h5 41. Kf2 h4
42. Ke3 h3 43. g3 Bc7 44. Kd2 Bd8 45. Kc2 Rh6 46. Kc3 Rg6 47. Kc4 a6 48. bxa6
b5+ 49. Kxb5 Rb6+ 50. Kc5 Rxa6 51. Bc3 Bc7 52. Bb4 Kd8 53. Rd5 Re6 54. Bc3 Bd6+
55. Kb5 Bc7 56. Bd4 Ke7 57. Bc5+ Kd8 58. a4 Re2 59. Bd4 Ke7 60. Kc6 Bd8 61. Re5+
Rxe5 62. Bxe5 Kf7 63. Bc7 Bf6 64. a5 Kg6 65. a6 Kh7 66. a7 Kg6 67. a8=Q Kh7 68.
Qf8 Kg6 69. Be5 1-0

[Event "QA-ANNIV-03"]
[Site "http://www.queenalice.com/game.php?id=385508"]
[Date "2008.4.10"]
[Round "6"]
[White "razoman"]
[Black "RAHOOD"]
[Result "0-1"]
[WhiteElo "1914"]
[BlackElo "2103"]

1. e4 e5 2. Nf3 Nc6 3. c3 d5 4. exd5 Qxd5 5. h3 e4 6. Nh2 Ne5 7. b3 Nf6 8. Bb2
Bf5 9. Na3 Bxa3 10. Bxa3 O-O-O 11. Be2 e3 12. dxe3 Qxg2 0-1

[Event "QA-ANNIV-03"]
[Site "http://www.queenalice.com/game.php?id=413708"]
[Date "2008.6.5"]
[Round "7"]
[White "RAHOOD"]
[Black "Inaki"]
[Result "1-0"]
[WhiteElo "2143"]
[BlackElo "2075"]

1. Nf3 Nf6 2. c4 g6 3. g3 Bg7 4. Bg2 O-O 5. d4 d6 6. O-O Nc6 7. Nc3 e5 8. d5 Nb8
9. h3 Nbd7 10. Be3 a6 11. Qd2 Rb8 12. Bg5 Nc5 13. b4 Ncd7 14. Qe3 Re8 15. Nd2 b6
16. Nb3 Bb7 17. Qd2 Rc8 18. Rac1 Qe7 19. e4 Qf8 20. a4 h6 21. Be3 Kh7 22. a5 Qe7
23. Na4 Qd8 24. axb6 cxb6 25. c5 1-0

[Event "QA-ANNIV-03"]
[Site "http://www.queenalice.com/game.php?id=446365"]
[Date "2008.8.9"]
[Round "8"]
[White "Rusty"]
[Black "RAHOOD"]
[Result "1/2-1/2"]
[WhiteElo "2129"]
[BlackElo "2153"]

1. d4 d5 2. c4 c6 3. Nf3 Nf6 4. Nc3 dxc4 5. a4 Bf5 6. Ne5 e6 7. f3 Bb4 8. Nxc4
O-O 9. Bg5 h6 10. Bh4 c5 11. dxc5 Qc8 12. e4 Bg6 13. Bf2 Nc6 14. Nd6 Qc7 15. Bc4
Rfd8 16. O-O b6 17. Qe2 bxc5 18. e5 Nd4 19. Qd1 Ne8 20. Nxe8 Rxe8 21. f4 Rad8
22. Qg4 Qb7 23. Nb5 Nf5 24. Rad1 Qe4 25. Qe2 Qxf4 26. Nd6 Rf8 27. g4 Nxd6 28.
exd6 Qe4 29. Qxe4 Bxe4 30. Bh4 g5 31. Bg3 Bc2 32. Rc1 Bxa4 33. Ra1 Bc6 34. Rxa7
Bd2 35. Rf6 Be3+ 36. Kf1 Ra8 37. Rc7 1/2-1/2

[Event "QA-ANNIV-03"]
[Site "http://www.queenalice.com/game.php?id=469848"]
[Date "2008.9.28"]
[Round "9"]
[White "RAHOOD"]
[Black "Bergman"]
[Result "1/2-1/2"]
[WhiteElo "2152"]
[BlackElo "2460"]

1. d4 Nf6 2. Bg5 Ne4 3. Bf4 c5 4. f3 Qa5+ 5. c3 Nf6 6. d5 Qb6 7. b3 g6 8. c4 Bg7
9. Nc3 d6 10. Bd2 O-O 11. e4 Na6 12. a3 e6 13. Bd3 exd5 14. exd5 Re8+ 15. Nge2
Nc7 16. Qc2 Bd7 17. Rb1 a5 18. Ne4 Nh5 19. Nf2 Qa7 20. g4 Nf6 21. Bc3 Re3 22. g5
Nh5 23. Bxg7 Nxg7 24. Ne4 Rxf3 25. Nf6+ Rxf6 26. gxf6 Nh5 27. O-O Nxd5 28. cxd5
c4+ 29. Kh1 cxd3 30. Qxd3 Re8 31. Rbc1 Qb6 32. Ng3 Re3 33. Qd2 Nxg3+ 34. hxg3
Rxg3 35. Rfe1 Rh3+ 36. Kg2 h6 37. Rc3 Rh5 38. Re7 Qb5 39. Kg1 Bf5 40. Kg2 Rh4
41. Rc4 Rh5 42. Rc3 1/2-1/2

[Event "QA-ANNIV-03"]
[Site "http://www.queenalice.com/game.php?id=525044"]
[Date "2009.1.18"]
[Round "10"]
[White "crubiov"]
[Black "RAHOOD"]
[Result "1-0"]
[WhiteElo "2448"]
[BlackElo "2161"]

1. e4 e5 2. Nf3 Nc6 3. Bc4 Bc5 4. Nc3 Nf6 5. d3 d6 6. Na4 Bb6 7. c3 Be6 8. Bxe6
fxe6 9. O-O O-O 10. Ng5 Qe8 11. Nxb6 axb6 12. a4 h6 13. Nh3 d5 14. f3 Rd8 15.
Bd2 Qe7 16. Qe1 Qd6 17. Nf2 Nh5 18. b4 Nf4 19. Bc1 Rf7 20. b5 Na5 21. Ra2 Nb3
22. Ba3 c5 23. bxc6 Qxc6 24. Qb1 Nc5 25. Bxc5 Qxc5 26. Qb5 Qe3 27. Kh1 Rc7 28.
Qb1 Ra8 29. Re1 Qc5 30. g3 Ng6 31. Nd1 b5 32. a5 Rc6 33. exd5 exd5 34. Kg2 d4
35. Qb3+ Kh7 36. cxd4 1-0